[Event "21th Rochefort Chess Festival - Masters"]
[Site "Palais des Congrès Rochefort"]
[Date "2023.02.13"]
[Round "4.11"]
[White "Deshpande, Aniruddha"]
[Black "Degraeve, Remy"]
[Result "1-0"]
[WhiteElo "2204"]
[BlackElo "2428"]
[PlyCount "87"]
[EventDate "2023.??.??"]
[BlackTeam "Marseille-Echecs"]

1. d4 d5 2. c4 e6 3. Nf3 Nf6 4. g3 Bb4+ 5. Bd2 a5 6. Bg2 O-O 7. O-O dxc4 8. Qc2
Bxd2 9. Nbxd2 b5 10. a4 c6 11. b3 cxb3 12. Nxb3 Ba6 13. Nc5 b4 14. Rfd1 Nd5 15.
Ne5 Nc3 16. Rd2 Qe7 17. Be4 Nxe4 18. Qxe4 Qd6 19. h4 Qd5 20. Qg4 Ra7 21. h5 f6
22. e4 Qd6 23. Ng6 hxg6 24. hxg6 Re8 25. Qh5 Nd7 26. Qh7+ Kf8 27. Rad1 Bc8 28.
e5 Qd5 29. Qh8+ Ke7 30. exf6+ Nxf6 31. Qxg7+ Kd8 32. Qxf6+ Rae7 33. Nd3 Qf5 34.
Qh4 Kc7 35. Ne5 Bb7 36. Rc1 Kb8 37. Nxc6+ Bxc6 38. Rxc6 Qb1+ 39. Kg2 Qxg6 40.
Re2 Qf5 41. Re5 Qb1 42. Qf4 Kb7 43. Rcc5 Qd3 44. Rxa5 1-0

[Event "21th Rochefort Chess Festival - Masters"]
[Site "Palais des Congrès Rochefort"]
[Date "2023.02.14"]
[Round "5.8"]
[White "Eugene, Floryan"]
[Black "Deshpande, Aniruddha"]
[Result "0-1"]
[WhiteElo "2393"]
[BlackElo "2204"]
[PlyCount "56"]
[EventDate "2023.??.??"]
[WhiteTeam "Echiquier Club Le Mans"]

1. d4 Nf6 2. c4 g6 3. Nc3 Bg7 4. e4 d6 5. Be2 O-O 6. Be3 e5 7. d5 Ne8 8. g4 f5
9. gxf5 gxf5 10. exf5 Bxf5 11. Nf3 Na6 12. Ng5 Nc5 13. Rg1 Nf6 14. Qd2 Qd7 15.
O-O-O Kh8 16. Bxc5 dxc5 17. Bd3 e4 18. Ncxe4 Nxe4 19. Nxe4 Bxe4 20. Bxe4 Rf6
21. Rg5 Bh6 22. h4 Raf8 23. Qc3 Qg4 24. Qe5 Qf4+ 25. Qxf4 Rxf4 26. Bd3 Rxh4 27.
f4 Rfxf4 28. Rdg1 Rf2 0-1

[Event "21th Rochefort Chess Festival - Masters"]
[Site "Palais des Congrès Rochefort"]
[Date "2023.02.14"]
[Round "6.6"]
[White "Deshpande, Aniruddha"]
[Black "Sorensen, Hampus"]
[Result "1/2-1/2"]
[WhiteElo "2204"]
[BlackElo "2445"]
[PlyCount "44"]
[EventDate "2023.??.??"]

1. d4 Nf6 2. c4 e6 3. g3 d5 4. Nf3 dxc4 5. Bg2 a6 6. O-O Nc6 7. e3 Rb8 8. Qe2
b5 9. Rd1 Bb7 10. e4 Be7 11. Nc3 O-O 12. Bf4 Rc8 13. Rd2 Qe8 14. e5 Nd7 15. Ng5
Nb6 16. Be4 Bxg5 17. Bxg5 b4 18. Bf6 Ne7 19. Bxb7 bxc3 20. Bxe7 Qxe7 21. bxc3
Rb8 22. Be4 Qa3 1/2-1/2

[Event "21th Rochefort Chess Festival - Masters"]
[Site "Palais des Congrès Rochefort"]
[Date "2023.02.15"]
[Round "7.7"]
[White "Lucas, Arthur"]
[Black "Deshpande, Aniruddha"]
[Result "0-1"]
[WhiteElo "2415"]
[BlackElo "2204"]
[PlyCount "74"]
[EventDate "2023.??.??"]
[WhiteTeam "Poitiers-Migne Echecs"]

1. e4 c5 2. Nf3 g6 3. d4 cxd4 4. Nxd4 Bg7 5. c4 Nc6 6. Be3 Nh6 7. Nc3 O-O 8.
Be2 d6 9. O-O f5 10. exf5 Bxd4 11. Bxh6 Rxf5 12. Qd2 Qb6 13. Kh1 Rf7 14. c5
dxc5 15. Bc4 e6 16. Rae1 Ne5 17. Bb3 Bd7 18. f4 Ng4 19. Bg5 c4 20. Bxc4 h6 21.
Bh4 Ne3 22. Rxe3 Bxe3 23. Qd3 Kg7 24. Rf3 Bd4 25. Rg3 Rf5 26. Ne2 e5 27. h3
Raf8 28. Nxd4 exd4 29. Rf3 Bc6 30. Bf2 Rxf4 31. Rg3 Bxg2+ 32. Rxg2 Rxf2 33. Qe4
Qd6 34. Qxb7+ Kh8 35. Rxf2 Rxf2 36. Qa8+ Qf8 37. Qe4 Qf3+ 0-1

[Event "21th Rochefort Chess Festival - Masters"]
[Site "Palais des Congrès Rochefort"]
[Date "2023.02.17"]
[Round "9.9"]
[White "Girel, Joseph"]
[Black "Deshpande, Aniruddha"]
[Result "1/2-1/2"]
[WhiteElo "2387"]
[BlackElo "2204"]
[PlyCount "152"]
[EventDate "2023.??.??"]
[WhiteTeam "Marseille-Echecs"]

1. d4 Nf6 2. c4 g6 3. Nf3 Bg7 4. g3 O-O 5. Bg2 d6 6. Nc3 Nc6 7. O-O a6 8. h3
Rb8 9. e4 e5 10. dxe5 dxe5 11. Be3 Be6 12. Qa4 Qc8 13. Kh2 Rd8 14. Rfd1 Ne8 15.
Nd5 b5 16. Qc2 bxc4 17. Qxc4 Bxd5 18. Rxd5 Rxd5 19. Qxd5 Nb4 20. Qd1 Nd6 21. a3
Nc6 22. Rc1 Na5 23. Qa4 Nb3 24. Rc6 a5 25. Rc3 Qb7 26. Qd7 Rc8 27. Rc6 Qb8 28.
Bf1 a4 29. Bd3 h6 30. Qe7 Na5 31. Rc5 Nb3 32. Rd5 Nd4 33. Bxd4 exd4 34. e5 Qxb2
35. Kg2 Qb3 36. Rc5 Bf8 37. Qd7 Qxa3 38. Rc6 Qxd3 39. exd6 Qf5 40. Qxf5 gxf5
41. d7 Rd8 42. Rxc7 d3 43. Kf1 a3 44. Ke1 Bd6 45. Rc8 Bb4+ 46. Kd1 Ba5 47. Rc5
Bb6 48. Rc3 Rxd7 49. Rxa3 Bxf2 50. g4 fxg4 51. hxg4 Bg3 52. Ra4 f6 53. Kd2 Be5
54. Rc4 Kf7 55. Ne1 Kg6 56. Nxd3 Kg5 57. Ke3 Ra7 58. Rc5 Kxg4 59. Nxe5+ fxe5
60. Rxe5 Ra2 61. Re6 h5 62. Rg6+ Kh3 63. Kf3 h4 64. Rh6 Ra4 65. Rg6 Ra3+ 66.
Kf2 Ra2+ 67. Kg1 Ra1+ 68. Kf2 Kh2 69. Rg2+ Kh1 70. Rg4 h3 71. Rg3 Kh2 72. Rf3
Ra8 73. Rf7 Ra6 74. Rf8 Ra7 75. Rf6 Ra2+ 76. Kf1 Ra1+ 1/2-1/2